000 00718nam a2200241Ia 4500
003 OSt
005 20220924124057.0
006 a|||||r|||| 00| 0
007 ta
008 220923b |||||||| |||| 00| 0 urd d
020 _a81804200957 (hbk)
020 _c150
024 _a316872
037 _b5534/3, 06/03/2009, Modern Publishing House
_cTextual
040 _aARTS
_cARTS
_burd
041 _2urd
_aurd
082 _aO168,3NMEx, P5
100 _aSughra Mehdi
_9194711
245 0 _aPaish goi
260 _aNew Delhi
_b Modern Publishing House India
_c2005
942 _hO168,3NMEx, P5
_cTEXL
_2CC
999 _c418274
_d418274